40 Things That Start With 'S' - Statistics

General Stats
  • This quiz has been taken 44 times
  • The average score is 16 of 40
Answer Stats
Hint Answer % Correct
Global Chain, Caffeine Hotspot, Pequod's First Mate Starbucks
89%
Blockbuster Pioneer, E.T, Jaws Director Steven Spielberg
84%
Country Pop Sensation, Canadian Singer-Songwriter, 'You're Still the One' Shania Twain
70%
Global Delicacy, Nori-Wrapped, Tokyo's Bite Sized Cuisine Sushi
68%
Psychoanalysis, Founder of Modern Therapy, Cocaine Fanatic Sigmund Freud
62%
Thracian Gladiator, Anti-Roman Rebellion, Plutarch's Writings Spartacus
62%
Eat Fresh, Sandwich Chain, Buck and DeLuca Subway
62%
Mace Windu, 2nd Highest Grossing Actor, Pulp Fiction Samuel L. Jackson
59%
German Businessman's Dilemma, Holocaust Drama, Spielberg Schindler's List
59%
Eight Legged, Venomous Telson, Desert Arthropod Scorpion
59%
Ural Mountains, Vast Frozen Wasteland, Mineral Resources Siberia
57%
Normandy Beaches, Search for Soldier, Spielberg Saving Private Ryan
54%
Salisbury Plain, Megalithic Structure, Prehistoric Circle Stonehenge
54%
Cosmology at Cambridge, Black Hole Enthusiast, Lou Gehrig's Disease Stephen Hawking
51%
About Nothing, Seminal Sitcom, Soup Nazi Seinfeld
49%
Falsely Accused Banker, Robbins and Freeman, Prison Escape Shawshank Redemption
46%
Middle Eastern Capital, Near Gulf of Aden, The Great Mosque Sana'a
43%
Indian Ocean, East African Archipelago, Victoria Seychelles
41%
Tanzanian Ecosystem and Reserve, Great Wildlife Migration, Lion King Serengeti
38%
Vitosha Mountain, Eastern European Capital, Mineral Springs Sofia
38%
Richter Scale, Tectonic Plates Shifting, Name For the Study Seismology
35%
Filmmaker Perfectionist, The Shining, Novel Adaptor Stanley Kubrick
35%
Scandinavian Myth, Dream Giver, Spiderman Villain Sandman
32%
Notre Dame Waterway, Second Longest in France, Joan of Arc's Ashes Seine River
32%
John Lennon's Childhood and LSD, Sweet Red Fruit, '67 Hit Strawberry Fields Forever
32%
Slippery Amphibians, Lizard-Like, Axolotls Salamander
30%
Bivalve Mollusks, Fine Dining Appetizer, Seafood Delicacy Scallops
30%
Wizards of Waverly Place Star, Pop Singer, Female with Most Followers Selena Gomez
30%
Encircling Antarctica, South Pole Basin, Penguins and Icebergs Southern Ocean
30%
Unique Architecture, Harborside Landmark, Bondi Beach Sydney Opera House
30%
The Art of War, Quotable, Military Strategist Sun Tzu
27%
East Asian Legume, Tofu, Savory Sauce Soybeans
22%
Oxidized Copper, Symbol of Autonomy, Gift from Modern-Day Gaul Statue of Liberty
19%
Spiked Nose, Seaside Delicacy, AKA Broadbill Swordfish
16%
2017 Hit, ÷ Album, Second Most Streamed on Spotify Shape of You
8%
Donner Party, Great Basin, Mount Whitney Sierra Nevada Mountains
8%
Catholic Missionaries, Scorsese Drama, 17th Century Japan Silence
8%
Livestock Fodder, Middle America Grain, AKA Broomcorn Sorghum
8%
Theban Riddler, Man-Headed Lion, Giza Landmark Sphinxes
3%
Sitcom Star, D.M.'s 'Urban' Salesman, 'Did I Stutter' Stanley Hudson
3%
No matching quizzes found
Score Distribution
Percent of People with Each Score
Percentile by Number Answered
Your Score History
You have not taken this quiz